| 000 | 00511nam a2200181 a 4500 | ||
|---|---|---|---|
| 005 | 20140310183319.0 | ||
| 008 | 020823s19uu xx 00 eng d | ||
| 020 | _a8176486191 | ||
| 050 |
_aHF 5635 _b.R313 2004 |
||
| 100 | _aReddy, Jayaprakash R. | ||
| 245 |
_aManagement accounting / _cR. Jayaprakash Reddy. |
||
| 260 |
_c2004. _aNwe Delhi : _bA.P.H Publishing Corporation, |
||
| 300 |
_a244 p. : _c22 cm. |
||
| 521 | _aBSBA | ||
| 650 | _aManagerial accounting. | ||
| 942 |
_cBK _2lcc _kFOR |
||
| 999 |
_c21352 _d21352 |
||